| 000 | 00320nam a2200097Ia 4500 | ||
|---|---|---|---|
| 082 | _aJ|560|ROSS | ||
| 245 | 0 | _aIce Age | |
| 100 |
_a ROSS, Stewart Hauppauge, N.Y., 2009 1st ed. for the U.S., its territories and dependencies, and Canada _970646 |
||
| 942 | _cBK | ||
| 008 | 210817s9999 xx 000 0 und d | ||
| 999 |
_c229325 _d229324 |
||